000 00886nam a2200253Ia 4500
003 OSt
005 20221005112206.0
006 a|||||r|||| 00| 0
007 ta
008 221004b |||||||| |||| 00| 0 pan d
020 _c150
024 _a12391
037 _b856, 18/03/2014, Bright Book Service
_cTextual
040 _aCRL
_cCRL
_bpan
041 _2pan
_apan
082 _aO153,6(Q8441)NGUx, P8
100 _aਸਿੰਘ, ਗੁਰਚਰਨ
245 0 _aਨਦਰੀ ਨਦਰੀ ਨਿਹਾਲ
260 _aਅੰਮ੍ਰਿਤਸਰ
_bਨਾਨਕ ਸਿੰਘ ਪੁਸਤਕਮਾਲਾ ਭਾਰਤ
_c2006
300 _a127ਪੰ
_ccm.
650 _aਪੰਜਾਬੀ ਸਾਹਿਤ
942 _hO153,6(Q8441)NGUx, P8
_cTEXL
_2cc
999 _c1024142
_d1024142